| 000 | 00477pab a2200157 454500 | ||
|---|---|---|---|
| 008 | 180718b2006 xxu||||| |||| 00| 0 eng d | ||
| 100 | _aFirestone, Yuanita M. | ||
| 245 | _aSupport and opposition for invading Iraq: did the President's speech make a difference? | ||
| 260 | _c2006 | ||
| 300 | _ap.895-909. | ||
| 650 | _aWar | ||
| 650 | _aInternational relations | ||
| 700 | _aHarris, Richard J. | ||
| 773 | _aInternational Journal of Public Administration | ||
| 909 | _a71438 | ||
| 999 |
_c71438 _d71438 |
||